000 00591nam a2200229Ia 4500
003 OSt
005 20221007071655.0
006 a|||||r|||| 00| 0
007 ta
008 221006b |||||||| |||| 00| 0 eng d
024 _a13,700
037 _cTextual
040 _aFLL
_cFLL
_beng
041 _2eng
_aeng
082 _aWz7, G2
100 _aLaski Harold J.
245 0 _aStudies in law and politics
260 _aLondon
_bGeorege Allen & Unwin Ltd London
_c1932
300 _a299p
_ccm.
942 _hWz7, G2
_cTEXL
_2CC
999 _c1143948
_d1143948